000 00634nam a22002297a 4500
005 20150414085316.0
006
008 080807s2004 nyua s 001 0 eng d
020 _z9780072255409
041 0 _aeng
080 _a004
100 1 _aAllen, Christopher.
245 1 0 _aOracle database 10g PL/SQL 101
_cChristopher Allen.
256 _aComputer document.
260 _a[New York?] :
_bMcGraw-Hill/Osborne,
_c2004
300 _a395 f.:
_bme il.;
_c23 cm
505 _aIndex: f. 375 - 395
650 0 _aKompjuterat
650 0 _aGjuha programuese
655 7 _aElectronic books.
942 _2udc
_cBK
999 _c690
_d690